Country Flags With Eagles - Statistics

General Stats
  • This quiz has been taken 16 times
  • The average score is 6 of 8
Answer Stats
Answer % Correct
Albania
93%
Mexico
79%
Egypt
71%
Montenegro
71%
Serbia
71%
Zambia
64%
Kazakhstan
50%
Moldova
50%
No matching quizzes found
Score Distribution
Percent of People with Each Score
Percentile by Number Answered
Your Score History
You have not taken this quiz